<?xml version="1.0" encoding="UTF-8"?>
<marc:record xmlns:marc="http://www.loc.gov/MARC21/slim">
   <marc:leader>00000nam a2200000 a 4500</marc:leader>
   <marc:datafield ind1="1" ind2=" " tag="100">
      <marc:subfield code="a">Kruse, Max</marc:subfield>
      <marc:subfield code="4">aut</marc:subfield>
      <marc:subfield code="e">Verfasser/-in</marc:subfield>
   </marc:datafield>
   <marc:datafield ind1="0" ind2="0" tag="245">
      <marc:subfield code="a">Urmel aus dem Eis</marc:subfield>
   </marc:datafield>
   <marc:datafield ind1="0" ind2="0" tag="245">
      <marc:subfield code="b">Mit der Augsburger Puppenkiste</marc:subfield>
   </marc:datafield>
   <marc:datafield ind1="0" ind2="0" tag="245">
      <marc:subfield code="c">Kruse, Max</marc:subfield>
   </marc:datafield>
   <marc:datafield ind1=" " ind2="1" tag="264">
      <marc:subfield code="c">2011</marc:subfield>
   </marc:datafield>
   <marc:datafield ind1="1" ind2=" " tag="490">
      <marc:subfield code="a">Augsburger Puppenkiste</marc:subfield>
   </marc:datafield>
   <marc:datafield ind1="1" ind2=" " tag="520">
      <marc:subfield code="a">Auf der einsamen Südseeinsel Titiwu gibt es unglaubliche Dinge: eine Schule, die man ungestraft schwänzen darf, und eine verloren geglaubte Eintracht zwischen Menschen und Tieren. Der zerstreute Professor Habakuk Tibatong hat einigen Tieren das Sprechen beigebracht. Zum Beispiel der Schweinedame Wutz, dem Schuhschnabel Schusch, Ping Pinguin und dem Waran Wawa. Am Felsenriff singt der Seeelefant immerzu seine "traurögön Lödör". Außer Wutz hat leider jeder von ihnen einen Sprachfehler. Der Waisenknabe Tim Tintenklecks hilft dem Professor, wenn es darum geht, die Tiere für ein gemeinsames Vorhaben zu begeistern.&#xD;
Und eines Tages geschieht es: Ein Eisblock strandet am Ufer. Darin steckt ein Ei, aus dem ein Urweltgeschöpf schlüpft - das Urmel. Und es kann sogar sprechen. Professor Tibatong, der schon immer an die Existenz des Urmels geglaubt hat, begeht eine Dummheit...</marc:subfield>
   </marc:datafield>
   <marc:datafield ind1="3" ind2=" " tag="024">
      <marc:subfield code="a">3472600501053</marc:subfield>
   </marc:datafield>
   <marc:datafield ind1=" " ind2=" " tag="041">
      <marc:subfield code="a">ger</marc:subfield>
   </marc:datafield>
   <marc:datafield ind1=" " ind2=" " tag="300">
      <marc:subfield code="a">1 DVD</marc:subfield>
   </marc:datafield>
</marc:record>
